| 000 | 00955nam a22003137a 4500 | ||
|---|---|---|---|
| 003 | CHAP | ||
| 005 | 20220329134245.0 | ||
| 008 | 971013s1925 r 00010 d | ||
| 010 | _a17731 | ||
| 011 | _a18703 | ||
| 035 | _a22788 | ||
| 040 | _cCHAP | ||
| 082 |
_a691.12 _bB53 |
||
| 100 | 0 | 0 |
_aBlake, Ernest G. _913036 |
| 245 |
_aEnemies of timber _b: dry rot and the deathwatch beetle |
||
| 260 |
_aLondon : _bChapman, _c(1925) |
||
| 300 |
_a206 p. _b: ilus. |
||
| 590 |
_aBATCH-UPD _b10 _c20130110 _lUCH01 _h1714 |
||
| 590 |
_aBATCH-UPD _b10 _c20130410 _lUCH01 _h1059 |
||
| 590 |
_aBATCH-UPD _b10 _c20130914 _lUCH01 _h1719 |
||
| 590 |
_aCONVERSION _b10 _c20130109 _lUCH01 _h1311 |
||
| 650 | 1 | 4 |
_aMadera _xDeterioración. _969603 |
| 650 | 1 | 4 |
_aMadera _xHongos. _969608 |
| 650 | 1 | 4 |
_aMadera _xPreservación. _969619 |
| 650 | 1 | 4 |
_aXestobiun rufovillosum. _9122895 |
| 901 | _aBK | ||
| 942 | _cLIBRO | ||
| 949 |
_a691.12 B53 _bBC _cBPA _d-53234 _eBPA _h25558 _i22788 _si |
||
| 999 |
_c17731 _d17731 |
||